Ultimate Fallout New Vegas Quiz - Statistics

General Stats
  • This quiz has been taken 245 times
  • The average score is 5 of 20
Answer Stats
Question Answer % Correct
What type of weapon is available for repair in Doc Mitchell's house? 9mm Submachine Gun
74%
What is the name of the unique weapon that can be found within Primm? Lucky
51%
Including DLC's, how many companions can The Courier meet in the Mojave? 15
47%
Who won Nipton's lottery? Oliver Swanick
46%
In what building can said weapon be found? Bison Steve Hotel
39%
Who was runner-up? Boxcars
36%
What 2 "factions" did the aforementioned statue represent? (2) Desert Rangers
35%
What 2 "factions" did the aforementioned statue represent? (1) NCR Rangers
35%
What is the name of the airport to the west of Cottonwood Cove? Searchlight Airport
29%
What is the name of the unique weapon that is carried around by Old Lady Gibson? Big Boomer
28%
What's the highest capacity of carry weight The Courier can achieve? 400
24%
Only 2 Radscorpion Queens are known to exist within the Mojave, name both of the locations where you can find them (2) Searchlight Fire Station
8%
What is the name of the doctor that is based in Novac? Dr. Ada Strauss
7%
What did No-Bark Noonan claim he saw Benny running away from? Aliens
5%
What is the name of the rollercoaster located in Primm? El Diablo
5%
Who runs the aforementioned bar? Ike
5%
What does Clay, aka "The Forecaster" wear upon his head? The Psychic Nullifier
5%
What is the name of the bar located on Boulder City? Big Horn Saloon
4%
What is the name of the giant statue located at the Mojave Outpost? Unification Monument
3%
Only 2 Radscorpion Queens are known to exist within the Mojave, name both of the locations where you can find them (1) Scorpion Burrow
2%
No matching quizzes found
Score Distribution
Percent of People with Each Score
Percentile by Number Answered
Your Score History
You have not taken this quiz